Sports Quiz

Random Sports or Football Quiz

Bundesliga best scorers in August 2010s Quiz Stats

 Plays Quiz not verified by Sporcle

Score 0/30 Timer 06:00
0 Plays Today
Club(s) Player % Correct
Borussia Dortmund/Bayern MünchenRobert Lewandowski
96.7%
Bayern MünchenThomas Müller
96.7%
Mainz/Hamburg/FrankfurtNicolai Müller
96.7%
Bayern MünchenArjen Robben
93.4%
Borussia DortmundPierre-Emerick Aubameyang
90.1%
Mönchengladbach/DortmundMarco Reus
89%
Schalke 04Klaas-Jan Huntelaar
87.9%
RB LeipzigTimo Werner
86.8%
Bayer LeverkusenStefan Kießling
78%
HoffenheimRoberto Firmino
76.9%
Borussia DortmundPaco Alcácer
75.8%
Bayern MünchenMario Gómez
73.6%
Hoffenheim/Stuttgart/Hertha BerlinVedad Ibisevic
73.6%
Hoffenheim/KölnAnthony Modeste
71.4%
FreiburgPapiss Cissé
69.2%
Club(s) Player % Correct
Mainz/Schalke 04/HoffenheimÁdám Szalai
62.6%
Hoffenheim/LeverkusenKevin Volland
62.6%
Borussia MönchengladbachJuan Arango
51.6%
Werder BremenMarko Arnautovic
47.3%
HoffenheimSejad Salihovic
45.1%
Mainz/Hertha BerlinSami Allagui
37.4%
Stuttgart/WolfsburgDaniel Didavi
34.1%
Borussia MönchengladbachPatrick Herrmann
30.8%
Bayer LeverkusenKarim Bellarabi
29.7%
HannoverMohammed Abdellaoue
25.3%
Hannover/DarmstadtKonstantin Rausch
22%
Schalke 04/HamburgLewis Holtby
20.9%
Kaiserslautern/HamburgIvo Ilicevic
18.7%
Nürnberg/Hertha BerlinJulian Schieber
17.6%
Nürnberg/Stuttgart/WolfsburgDaniel Ginczek
15.4%

You're not logged in!

Compare scores with friends on all Sporcle quizzes.
OR
Log In

Sporcle TV

Today on Sporcle TV


Watch our educational content, quiz creation guides, and fun videos on Sporcle TV.

Show Comments

Extras

Top Quizzes Today


Score Distribution

Your Account Isn't Verified!

In order to create a playlist on Sporcle, you need to verify the email address you used during registration. Go to your Sporcle Settings to finish the process.

Report this User

Report this user for behavior that violates our Community Guidelines.

Details: